| 000 | 00604 a2200181 4500 | ||
|---|---|---|---|
| 003 | Nust | ||
| 005 | 20170207153358.0 | ||
| 020 | _a9698891005 | ||
| 040 | _cNust | ||
| 082 | _a297.122 | ||
| 100 | _aNabi , Islam | ||
| 245 |
_aThe Quraan holds the keys _cIslam Nabi jafri |
||
| 260 |
_aPakistan _bInstant print _c2006 |
||
| 300 | _a327:p.; | ||
| 505 | _aPart-I About The Qur'an And Quraanic Verses (Page-9),Part-II Modern Scientific Research (Page-176),Part-III The End Of The Universe (Page-223),Part-IV How The Qur'an Holds The Keys (Page-261). | ||
| 538 | _aAlmirah No.48 Shelf No.2 | ||
| 650 | _aQuran | ||
| 942 |
_2ddc _cBK |
||
| 999 |
_c184831 _d184831 |
||